Standard application of mechanical details /

Bibliographic Details
Main Author: Mueller, Jerome F.
Format: Book
Language:English
Published: New York : McGraw-Hill, [1985]
Subjects:

MARC

Tag First Indicator Second Indicator Subfields
LEADER 00000cam a2200000 a 4500
001 in00000019471
005 20151007053627.0
008 840921s1985 nyua 00110 eng
010 |a  84021857  
020 |a 0070439621 :  |c $39.95 (est.) 
035 |a (OCoLC)11290888 
035 |9 AAB2282AM 
040 |a DLC  |c DLC  |d m/c  |d TXA  |d UtOrBLW 
049 |a TXAM  |c [A11061862] 
050 0 0 |a TJ145  |b .M79 1985 
082 0 |a 621.8  |2 19 
100 1 |a Mueller, Jerome F. 
245 1 0 |a Standard application of mechanical details /  |c Jerome F. Mueller. 
264 1 |a New York :  |b McGraw-Hill,  |c [1985] 
264 4 |c ©1985 
300 |a xvi, 331 pages :  |b illustrations ;  |c 29 cm. 
336 |a text  |b txt  |2 rdacontent 
337 |a unmediated  |b n  |2 rdamedia 
338 |a volume  |b nc  |2 rdacarrier 
500 |a Includes index. 
650 0 |a Mechanical engineering. 
650 0 |a Engineering design. 
999 |a MARS 
999 f f |s 6e845931-5d51-37b3-a45f-90b8ae4ad455  |i 80dd661e-eed0-3fd5-b759-d1a76e2cc31e  |t 0 
952 f f |p ric  |a Texas A&M University  |b Rellis Campus  |c Joint Library Facility  |d Remote Storage  |t 0  |e TJ145 .M79 1985  |h Library of Congress classification  |i unmediated -- volume  |m A14811061862 
998 f f |a TJ145 .M79 1985  |t 0  |l Remote Storage